Extent, magnitude, and sources of nitrate in the Flaxville and underlying aquifers, Fort Peck Indian Reservation, northeastern Montana /

Bibliographic Details
Main Author: Nimick, David A.
Corporate Author: Assiniboine and Sioux Tribes of the Fort Peck Indian Reservation, Montana. Office of Environmental Protection
Other Authors: Thamke, Joanna M.
Format: Government Document Book
Language:English
Published: Helena, Mont. : U.S. Geological Survey ; 1998.
Series:Water-resources investigations report ; 98-4079.
Subjects:

MARC

Tag First Indicator Second Indicator Subfields
LEADER 00000cam a2200000 a 4500
001 in00000000070
005 20150930070010.0
008 980803s1998 mtuab b f000 0 eng d
035 |a (OCoLC)ocm39843460 
035 |9 AHS6595AM 
040 |d AGL  |d GPO  |d DLC  |d MvI  |d UtOrBLW 
043 |a n-us-mt 
049 |a UDOC 
070 0 |a GB701.W375  |b no.98-4079 
072 0 |a W000 
074 |a 0624-B 
086 0 |a I 19.42/4:98-4079 
090 |a GB701  |b .W375 no.98-4079 
100 1 |a Nimick, David A. 
245 1 0 |a Extent, magnitude, and sources of nitrate in the Flaxville and underlying aquifers, Fort Peck Indian Reservation, northeastern Montana /  |c by David A. Nimick and Joanna N. Thamke ; in cooperation with the Office of Environmental Protection of the Fort Peck Tribes. 
264 1 |a Helena, Mont. :  |b U.S. Geological Survey ;  |c 1998. 
264 2 |a Denver, CO :  |b Branch of Information Services [distributor], 
300 |a iv, 45 pages :  |b illustrations, maps ;  |c 28 cm. 
336 |a text  |b txt  |2 rdacontent 
337 |a unmediated  |b n  |2 rdamedia 
338 |a volume  |b nc  |2 rdacarrier 
490 1 |a Water-resources investigations report ;  |v 98-4079 
500 |a Shipping list number: 1998-0316-P. 
500 |a Shipping List #: 98-0316-P 
500 |a Shipping List Date: 07/29/98 
504 |a Includes bibliographical references (pages 19-21). 
650 0 |a Groundwater  |x Pollution  |z Montana  |z Fort Peck Indian Reservation. 
650 0 |a Nitrates  |x Environmental aspects  |z Montana  |z Fort Peck Indian Reservation. 
650 0 |a Agricultural chemicals  |x Environmental aspects  |z Montana  |z Fort Peck Indian Reservation. 
700 1 |a Thamke, Joanna M. 
710 1 |a Assiniboine and Sioux Tribes of the Fort Peck Indian Reservation, Montana.  |b Office of Environmental Protection. 
830 0 |a Water-resources investigations report ;  |v 98-4079. 
999 |a MARS 
999 f f |s aee4ed38-bfda-3e19-9de9-e4ed99388d95  |i 806a85d6-8033-3818-9e79-4ff4a5f43b1b  |t 0 
952 f f |p normal  |a Texas A&M University  |b College Station  |c Sterling C. Evans Library  |d Evans: US Documents (Annex 5th floor)  |t 0  |e I 19.42/4:98-4079  |h Superintendent of Documents classification  |i unmediated -- volume  |m A14822759088 
998 f f |a I 19.42/4:98-4079  |t 0  |l Evans: US Documents (Annex 5th floor)